| 000 | 00430nam a2200181Ia 4500 | ||
|---|---|---|---|
| 005 | 20250603145844.0 | ||
| 008 | 250603s9999 xx 000 0 und d | ||
| 020 | _a13:978-1-85964-139-2 | ||
| 050 | _aKD 620 .R9/ | ||
| 100 | _aIbn Rushd [ vol.2 ] | ||
| 245 | 4 | _aThe distinguished jurists primer | |
| 260 | _aLebanon | ||
| 260 | _bGarnet publisher | ||
| 260 | _c2006 | ||
| 300 | _a619 p | ||
| 650 | _aLebanon | ||
| 942 | _cBK | ||
| 999 |
_c43058 _d43058 |
||